000 00499nam a2200181Ia 4500
003 GCL
008 140319s9999 xx 000 0 ara d
040 _aGCL /
_cGCL
082 0 4 _a371.102
_bم ت
100 1 _aمنصور حسين
245 1 0 _aالتربية المدرسية ما لها وما عليها /
_cمنصور حسين
490 _aكتاب
_v0
650 0 4 _aالتعليم
650 0 4 _aالثقافة
650 0 4 _aالمدارس
650 0 4 _aالمدرسون
942 _2ddc
_cBK
999 _c42599
_d42599